|
|
|
|
| LEADER |
00000nam0a2200000 4500 |
| 001 |
237506 |
| 005 |
20231101231537.0 |
| 010 |
|
|
|a 5289022600
|
| 035 |
|
|
|a (RuTPU)RU\TPU\book\258680
|
| 090 |
|
|
|a 237506
|
| 100 |
|
|
|a 20130516d2005 m y0rusy50 ca
|
| 101 |
0 |
|
|a rus
|
| 102 |
|
|
|a RU
|
| 105 |
|
|
|a y z 000ay
|
| 200 |
1 |
|
|a Капитан Удача
|f Л. Белаш, А. Белаш
|
| 210 |
|
|
|a Санкт-Петербург
|c Лениздат
|d 2005
|
| 215 |
|
|
|a 445 с.
|
| 225 |
1 |
|
|a Боевая фантастика
|
| 330 |
|
|
|a Пилот Фортунат Кермак — человек, чей разум после гибели был переписан в тело киборга, — не желает мириться с ролью машины для убийства и выбирает свободу. Тело киборга и способности, недоступные обычным людям, позволяют Фортунату, чье имя значит «удачливый», выживать в самых невероятных ситуациях. Однако лишь душа человека, умение быть верным и выбирать себе верных друзей дают ему возможность победить.
|
| 606 |
1 |
|
|a Русская литература современная
|2 stltpush
|3 (RuTPU)RU\TPU\subj\26373
|9 50316
|
| 610 |
1 |
|
|a романы
|
| 610 |
1 |
|
|a фантастика
|
| 675 |
|
|
|a Р2
|v 3
|
| 700 |
|
1 |
|a Белаш
|b Л.
|g Людмила
|
| 701 |
|
1 |
|a Белаш
|b А.
|g Александр
|
| 801 |
|
1 |
|a RU
|b 63413507
|c 20130516
|
| 801 |
|
2 |
|a RU
|b 63413507
|c 20130522
|g RCR
|
| 942 |
|
|
|c BK
|